Collector's guide to art deco : (Record no. 353833)
[ view plain ]
| 000 -LEADER | |
|---|---|
| fixed length control field | 00956nam a2200217 a 4500 |
| 001 - CONTROL NUMBER | |
| control field | ASIN0891457690 |
| 003 - CONTROL NUMBER IDENTIFIER | |
| control field | OSt |
| 005 - DATE AND TIME OF LATEST TRANSACTION | |
| control field | 20180116192419.0 |
| 008 - FIXED-LENGTH DATA ELEMENTS--GENERAL INFORMATION | |
| fixed length control field | 131120s1997 xxu eng d |
| 020 ## - INTERNATIONAL STANDARD BOOK NUMBER | |
| International Standard Book Number | 0891457690 (paperback) |
| Terms of availability | $17.95 |
| 020 ## - INTERNATIONAL STANDARD BOOK NUMBER | |
| International Standard Book Number | 9780891457695 (paperback) |
| 040 ## - CATALOGING SOURCE | |
| Transcribing agency | a |
| 082 ## - DEWEY DECIMAL CLASSIFICATION NUMBER | |
| Classification number | 709.04012 |
| Author Mark | MIL 2005 |
| 100 1# - MAIN ENTRY--PERSONAL NAME | |
| Personal name | Miller, Judith. |
| 9 (RLIN) | 7102 |
| 245 10 - TITLE STATEMENT | |
| Title | Collector's guide to art deco : |
| Statement of responsibility, etc. | Judith Miller. |
| 260 ## - PUBLICATION, DISTRIBUTION, ETC. | |
| Place of publication, distribution, etc. | London : |
| Name of publisher, distributor, etc. | Dolrling Kindersley book, |
| Date of publication, distribution, etc. | 2005. |
| 300 ## - PHYSICAL DESCRIPTION | |
| Extent | 224 p. ; |
| Dimensions | 28 cm. |
| 520 ## - SUMMARY, ETC. | |
| Summary, etc. | Barware, clocks, dresser accessories, lamps, smoking items, statues, tableware and vases are among the Art Deco items covered in this comprehensive guide. In this revised second edition, the author has updated all of the values from the first edition and doubled the number of examples. 600 color photos. |
| 856 40 - ELECTRONIC LOCATION AND ACCESS | |
| Materials specified | Amazon.com |
| Uniform Resource Identifier | <a href="http://www.amazon.com/exec/obidos/ASIN/0891457690/chopaconline-20">http://www.amazon.com/exec/obidos/ASIN/0891457690/chopaconline-20</a> |
| 942 ## - ADDED ENTRY ELEMENTS (KOHA) | |
| Source of classification or shelving scheme | |
| Koha item type | Book |
| Withdrawn status | Lost status | Source of classification or shelving scheme | Damaged status | Not for loan | Permanent Location | Current Location | Date acquired | Total Checkouts | Full call number | Barcode | Date last seen | Cost, replacement price | Price effective from | Koha item type |
|---|---|---|---|---|---|---|---|---|---|---|---|---|---|---|
| School of Art Design and Architecture (SADA) | School of Art Design and Architecture (SADA) | 10/02/2013 | 709.04012 MIL 2005 | SADA0002145 | 01/05/2017 | 2876.48 | 01/05/2017 | Book |
